Akta Penculikan 1961 (Act 365) t 2003 (Act 628) & Kidnapping Act 1961 (Act 365) : (Hingga 20hb Jun 2006)

Bibliographic Details
Corporate Authors: Malaysia, International Law Book Services. Lembaga Penyelidikan Undang-undang
Format: Book
Published: Petaling Jaya : International Law Book Services , 2006
Subjects:

MARC

LEADER 00000cam a2200000 7i4500
001 0000018472
005 20061226.0
020 |a 9678916967 
040 |a INS 
090 0 0 |a KPG4120.A25   |b M4 2006 
110 1 |a Malaysia 
240 0 0 |a [Akta Penculikan 1961 (Akta 365)] 
245 1 0 |a Akta Penculikan 1961 (Act 365) t 2003 (Act 628) & Kidnapping Act 1961 (Act 365) :   |b (Hingga 20hb Jun 2006)   |c Disusun oleh: Lembaga Penyelidikan Undang-undang 
260 |a Petaling Jaya :   |b International Law Book Services ,   |c 2006 
300 |a 27 p. :   |b 24 cm 
650 0 0 |a Kidnapping   |x Law and legislation   |z Malaysia 
710 1 |a International Law Book Services. Lembaga Penyelidikan Undang-undang 
740 0 |a Undang-Undang Malaysia 
999 |a 0000017785   |b BOOK   |c Acts   |e Default branch